|
|
|
|
| LEADER |
01736nam a2200361 a 4500 |
| 001 |
37404 |
| 003 |
BD-DhAAL |
| 005 |
20220113161322.0 |
| 008 |
240121r20202010flua bf 001 0 eng d |
| 999 |
|
|
|c 43196
|d 43196
|
| 010 |
|
|
|a 2009049507
|
| 020 |
|
|
|a 9781498798105
|
| 020 |
|
|
|a 1420085921 (alk. paper)
|
| 035 |
|
|
|a (OCoLC)ocn213318186
|
| 040 |
|
|
|a DLC
|c DLC
|d YDX
|d YDXCP
|d CDX
|d BWX
|d DLC
|d BD-DhAAL
|
| 050 |
0 |
0 |
|a QA76.9.N38
|b H363 2010
|
| 082 |
0 |
0 |
|a 006.35
|2 23
|
| 245 |
0 |
0 |
|a Handbook of natural language processing /
|c edited by Nitin Indurkhya and Fred J. Damerau.
|
| 250 |
|
|
|a Second edition
|
| 260 |
|
|
|a Boca Raton, FL :
|b Chapman & Hall/CRC,
|c c2010.
|
| 300 |
|
|
|a xxiii, 678 pages :
|b illustrations ;
|c 25 cm.
|
| 490 |
1 |
|
|a Chapman & Hall/CRC machine learning & pattern recognition series
|
| 504 |
|
|
|a Includes bibliographical references(pages 661-666) and index.
|
| 526 |
|
|
|a CSE
|
| 541 |
|
|
|a Hye Trade International
|e 37404, 37405
|
| 650 |
|
0 |
|a Natural language processing (Computer science)
|v Handbooks, manuals, etc.
|9 40755
|
| 650 |
|
0 |
|a Computer science
|9 42614
|
| 700 |
1 |
|
|a Indurkhya, Nitin.
|9 40756
|
| 700 |
1 |
|
|a Damerau, Frederick J.
|q (Frederick Jacob),
|d 1931-
|9 40757
|
| 852 |
|
|
|a Ayesha Abed Library
|c General Stacks
|
| 942 |
|
|
|2 ddc
|c BK
|
| 952 |
|
|
|0 0
|1 0
|2 ddc
|4 0
|6 006_350000000000000_HAN
|7 0
|9 69189
|a BRACUL
|b BRACUL
|c GEN
|d 2020-12-09
|e Hye Trade International
|g 6399.00
|l 0
|o 006.35 HAN
|p 3010037404
|r 2020-12-09
|t 1
|v 6399.00
|w 2020-12-09
|y BK
|x Received during COVID-19 pandemic
|
| 952 |
|
|
|0 0
|1 0
|2 ddc
|4 0
|6 006_350000000000000_HAN
|7 0
|9 69190
|a BRACUL
|b BRACUL
|c GEN
|d 2020-12-09
|e Hye Trade International
|g 6399.00
|l 1
|m 3
|o 006.35 HAN
|p 3010037405
|r 2025-06-19
|s 2025-05-07
|t 2
|v 6399.00
|w 2020-12-09
|y BK
|x Received during COVID-19 pandemic
|